| 000 | 01402nam a22003977a 4500 | ||
|---|---|---|---|
| 001 | 000011614 | ||
| 003 | CHAP | ||
| 005 | 20220329133814.0 | ||
| 008 | 971013s1982 r 00010 d | ||
| 010 | _a11172 | ||
| 011 | _a12144 | ||
| 035 | _a14318 | ||
| 040 | _cCHAP | ||
| 090 | _aTesis | ||
| 100 | 0 | 0 |
_aLópez Pérez, Luis Alberto. _968231 |
| 245 | 0 | _aIntervalos de confianza para combinaciones no lineales de probabilidades en tablas de contingencia 2x2. | |
| 260 |
_aChapingo, Méx. : _bEl autor, _c1982. |
||
| 300 | _a50 h. | ||
| 502 | _aTesis (Maestro en Ciencias Esp. en Estadística) -- CP. Centro de Estadística y Cálculo | ||
| 590 |
_aALEPH _b10 _c20130110 _lUCH01 _h1228 |
||
| 590 |
_aBATCH-UPD _b10 _c20130109 _lUCH01 _h2310 |
||
| 590 |
_aBATCH-UPD _b10 _c20130110 _lUCH01 _h1628 |
||
| 590 |
_aBATCH-UPD _b10 _c20130409 _lUCH01 _h1828 |
||
| 590 |
_aBATCH-UPD _b10 _c20130410 _lUCH01 _h1021 |
||
| 590 |
_aBATCH-UPD _b10 _c20130914 _lUCH01 _h1006 |
||
| 590 |
_aCONVERSION _b10 _c20130109 _lUCH01 _h1307 |
||
| 590 |
_aE11695DGD _b10 _c20130924 _lUCH01 _h1027 |
||
| 650 | 1 | 4 |
_aProbabilidades. _991687 |
| 710 | 0 |
_aColegio de Postgraduados. Chapingo, Méx. Centro de Estadística y Cálculo. _925078 |
|
| 901 | _aBK | ||
| 942 | _cFOLL | ||
| 942 | _n0 | ||
| 949 |
_bBC _cTES _d-91036 _eTS1 _i14318 _si |
||
| 949 |
_bBC _cTES _d-91037 _eTS2 _fc.2 _i14318 _si |
||
| 949 |
_bS _cTESBD _d-26457 _eTS1 _i14318 _si |
||
| 999 |
_c11172 _d11172 |
||